| 000 | 00831naa a2200217 a 4500 | ||
|---|---|---|---|
| 001 | 80431 | ||
| 003 | BD-RjUL | ||
| 005 | 20221031140902.0 | ||
| 008 | 220926s1941 pk ||||| |||| 00| 0 urd d | ||
| 035 | _a(BD-RjUL)80431 | ||
| 040 |
_aBD-RjUL _beng _cBD-RjUL |
||
| 041 | _aurd | ||
| 082 |
_223 _a181.092 _bDIT 1941 |
||
| 100 |
_a جمعه, محمد لطفي # # jamaeah muhamad lutfi _94994 |
||
| 245 | 1 | 0 |
_aتاريخ فلاسفه الاسلام # # tarikh falasifih alaislam / _cmuhamad lutfi jamaeah tarjamah ; mir wali aldiyn # # محمد لطفي جمعه ; ترجمه مير ولي الدين |
| 260 |
_aHydarabad : _bDar al Taba, _c1941 |
||
| 300 |
_a440 p. ; _c23 cm |
||
| 650 |
_aPhylosopher _vIslam _94995 |
||
| 700 |
_aAl-Din Mir Wali # # ترجمه الدين, مير ولي _94996 |
||
| 942 |
_2ddc _cBK |
||
| 999 |
_c80431 _d80431 |
||